| 000 | 00373nam a2200133Ia 4500 | ||
|---|---|---|---|
| 008 | 191014s9999 xx 000 0 und d | ||
| 020 | _a0-486-65964-X | ||
| 082 |
_a530.155353 _bSOB |
||
| 100 |
_aS.L. Sobolev _920423 |
||
| 245 | 0 | _aPartial Differential Equations of Mathematical Physics | |
| 260 |
_aUSA _bDover Publications INC. _c1964 |
||
| 300 | _aX,427 | ||
| 942 | _cBK | ||
| 999 |
_c531005 _d531005 |
||